| 000 | 01166nam a2200265 a 4500 | ||
|---|---|---|---|
| 001 | 78315 | ||
| 003 | BD-RjUL | ||
| 005 | 20211209083121.0 | ||
| 008 | 210908s2021 bg ||||| |||| 00| 0 ben d | ||
| 020 | _a9789849048541 | ||
| 035 | _a(BD-RjUL)78541 | ||
| 040 |
_aBD-RjUL _beng _cBD-RjUL |
||
| 041 | _aben | ||
| 082 |
_223 _a954.9205092 _bRAP 2021 |
||
| 100 |
_aরানা, মাসুদ _9247520 |
||
| 245 | 1 | 0 |
_aপাকিস্তান সংবিধান প্রণয়নে বিরোধীদলীয় নেতা হিসেবে শেখ মুজিবের ভূমিকা / _cমাসুদ রানা |
| 250 | _a১ম সং. | ||
| 260 |
_aঢাকা : _bইত্যাদি গ্রন্থ প্রকাশ, _c২০২১ |
||
| 300 |
_a১৭৫ পৃ.: _bচিত্রসমূহ; _c২২ সেমি. |
||
| 600 |
_aমুজিবুর রহমান, শেখ, _d১৯২০-১৯৭৫ _9247527 |
||
| 600 |
_a Mujibur Rahman, Sheikh, _d1920-1975 _9247528 |
||
| 650 |
_aরাজনীতি এবং সরকার _9247529 |
||
| 650 |
_aPolitics and government _9247530 |
||
| 942 |
_2ddc _cBK |
||
| 999 |
_c78315 _d78315 |
||